Rekordspieler - FC Bayern München - Statistiken

Allgemein
  • Dieses Quiz wurde 405 mal gespielt
  • Das Durchschnittsergebnis liegt bei 10 aus 15
Antwortstatistiken
Spiele Name % Korrekt
427 Gerd Müller
99%
406 Thomas Müller
99%
302 Manuel Neuer
89%
429 Oliver Kahn
85%
396 Franz Beckenbauer
82%
332 Philipp Lahm
81%
342 Bastian Schweinsteiger
78%
473 Sepp Maier
72%
302 Lothar Matthäus
71%
310 Karl-Heinz Rummenigge
63%
404 Klaus Augenthaler
38%
334 Mehmet Scholl
38%
416 Georg Schwarzenbeck
36%
322 Franz Roth
22%
375 Bernd Dürnberger
9%
Keine übereinstimmenden Quizze gefunden
Verteilung der Resultate
Anzahl Personen mit jedem Resultat
Perzentil nach korrekt beantworteten Fragen
Ihre Resultats-Entwicklung
Sie haben dieses Quiz noch nicht gespielt